000 00769nam a2200217 i 4500
001 134146
003 ES-MaACL
005 20250825062722.0
007 t|
008 070905s1909 xxk ||||1| eng d
100 1 _aWylie, William Howie.
_9117471
245 1 0 _aThomas Carlyle
_b: the man and his books /
_cW. Howie Wylie ; illustrated by personal reminiscences, table-talk and anecdotes of himself and his friends ; revised by William Robertson.
260 _aLondon :
_bT. Fisher Unwin,
_c1909.
300 _a464 p. ;
_c20 cm.
600 0 4 _aCarlyle, Thomas,
_d1795-1881
_xBiografĂ­as
_935317
655 0 _aBiografĂ­as
_9176647
700 1 _aRobertson, William.
_997859
852 _aES-MaACL
_jF-7437
942 _2udc
999 _c134146
_d134146